Rincones secretos de la casa del árbol / (Registro nro. 29506)

Detalles MARC
000 -LEADER
fixed length control field 00374nam a22001337a 4500
003 - CONTROL NUMBER IDENTIFIER
control field OSt
005 - DATE AND TIME OF LATEST TRANSACTION
control field 20250718114912.0
008 - FIXED-LENGTH DATA ELEMENTS--GENERAL INFORMATION
fixed length control field 220527b |||||||| |||| 00| 0 eng d
040 ## - CATALOGING SOURCE
Transcribing agency CO-JMCR
Modifying agency CO-JMCR
082 ## - DEWEY DECIMAL CLASSIFICATION NUMBER
Classification number C
Item number HOMr
100 10 - MAIN ENTRY--PERSONAL NAME
Personal name Homes Clarke, Judith,
Relator term ilustradora
9 (RLIN) 42087
245 10 - TITLE STATEMENT
Title Rincones secretos de la casa del árbol /
Statement of responsibility, etc. Judith Holmes Clarke
942 ## - ADDED ENTRY ELEMENTS (KOHA)
Source of classification or shelving scheme Dewey Decimal Classification
Koha item type Books
Existencias
Withdrawn status Lost status Source of classification or shelving scheme Damaged status Not for loan Home library Current library Shelving location Date acquired Total Checkouts Total Renewals Full call number Barcode Date last seen Date last checked out Copy number Price effective from Koha item type Public note
    Dewey Decimal Classification     Biblioteca Pública José María del Castillo y Rada Biblioteca Pública José María del Castillo y Rada Children's Area 05/27/2022 26 2 C HOMr 201811562 01/15/2026 01/15/2026 Ej.1 05/27/2022 Books rasgado